| 000 | 00418nam a2200157Ia 4500 | ||
|---|---|---|---|
| 005 | 20250424120336.0 | ||
| 008 | 250424s9999 xx 000 0 und d | ||
| 022 | _a21416931 | ||
| 050 | _aAS 30. U96/ | ||
| 245 | 0 | _aUyo online journal of the humanities (uojh) | |
| 260 | _aUyo | ||
| 260 | _c2011 | ||
| 300 | _avi. , 104 p. 25 cm. | ||
| 650 | _aHumanities--Periodicals. Social sciences--Periodicals. | ||
| 942 | _cSR | ||
| 999 |
_c38768 _d38768 |
||